00650nam a22001577a 4500020001600000082001200016100002000028245013700048260003700185300003300222650004400255700003600299942001300335999001900348952012500367 qHard Cover. a620.005 aWarshi, Ramsha  aImpact of performance appraisal system on organizational Citizenship Behavior of Employees in IT Sector of Pakistan /cRamsha Warshi aIslamabad :bCEME - NUST,c2017. axiii, 100 p. : ill. ;c30cm. aEngineering Management-MS-Thesis916065 aDr. Faheem Qaiser Jamil.934791 2ddccTHE c540648d540648 00102ddc406620_005000000000000709500404aCLbCLcTHEd2020-11-02l0o620.005pCL-T-549r2020-11-02w2020-11-02yTHE